00910cam a2200241 4500001001300000003000400013005001700017008004100034010002300075025002000098040001800118050002500136082001600161100003200177245012600209260006100335300002200396490003300418651006100451651005300512810008600565999001700651sa 68014656 DLC20260227112633.0700211s1967 ii 00010 eng  asa 68014656 //r942 aPL480:I-E-10693 aDLCcDLCdDLC00aHN690.U8bL8 no. 35400a338.954/2 s10aDas, Bidhan Chandra,d1926-12aA brief report on the working of the industrial campaign, 1964-65,bin Farrukhabad and Lucknow districtsc[by] B. C. Das.0 aLucknow,bPlanning Research and Action Institutec[1967] aii, 42 p.c24 cm.1 aP.R.A.I. publication no. 354 0aFarrukhābād (India : District)xEconomic conditions. 0aLucknow (India : District)xEconomic conditions.1 aLucknow.bPlanning Research and Action Institute.tP.R.A.I. publication,vno. 354 c85936d85936